XI Titular Campeones del Fútbol Argentino en 2025 - Estadísticas

Estadísticas generales
  • Esta prueba ha sido intentada 17 veces
  • La puntuación promedio es 34 de 96
Estadísticas de respuestas
Club Posición Respuesta % Correcto
Platense DT Favio Orsi|Sergio Gómez
86%
Rosario Central DEL Ángel Di María
79%
Platense DEL Ronaldo Martínez
79%
Racing Club DEL Adrián Martínez
71%
Vélez Sarsfield DEF Elías Gómez
71%
Independiente Rivadavia DEF Leonard Costa
71%
Independiente Rivadavia VOL Luciano Gómez
71%
Estudiantes de La Plata DEF Román Gómez
71%
Estudiantes de La Plata VOL Santiago Ascacíbar
71%
Vélez Sarsfield DEF Valentín Gómez
71%
Lanús VOL Agustín Medina
64%
Talleres DT Alexander Medina
64%
Estudiantes de La Plata VOL Cristian Medina
64%
Estudiantes de La Plata DT Eduardo Domínguez
64%
Estudiantes de La Plata ARQ Fernando Muslera
64%
Racing Club ARQ Gabriel Arias
64%
Estudiantes de La Plata DEL Guido Carrillo
64%
Vélez Sarsfield DEL Braian Romero
57%
Rosario Central ARQ Jorge Broun
57%
Racing Club DEL Maximiliano Salas
57%
Independiente Rivadavia DEL Sebastián Villa
57%
Rosario Central DEL Alejo Véliz
50%
Rosario Central DT Ariel Holan
50%
Estudiantes de La Plata VOL Edwin Cetré
50%
Racing Club VOL Gabriel Rojas
50%
Vélez Sarsfield DT Guillermo Barros Schelotto
50%
Racing Club DT Gustavo Costas
50%
Estudiantes de La Plata VOL Thiago Palacios
50%
Independiente Rivadavia DEL Álex Arce
43%
Rosario Central DEF Carlos Quintana
43%
Lanús DEF Gonzalo Pérez
43%
Rosario Central VOL Ignacio Malcorra
43%
Rosario Central VOL Jaminton Campaz
43%
Talleres DEF Juan Rodríguez
43%
Estudiantes de La Plata DEF Leandro González Pirez
43%
Lanús DT Mauricio Pellegrino
43%
Lanús DEL Rodrigo Castillo
43%
Vélez Sarsfield ARQ Tomás Marchiori
43%
Vélez Sarsfield VOL Agustín Bouzat
36%
Independiente Rivadavia DT Alfredo Berti
36%
Racing Club VOL Gastón Martirena
36%
Talleres ARQ Guido Herrera
36%
Platense DEF Ignacio Vázquez
36%
Racing Club VOL Juan Nardoni
36%
Lanús VOL Marcelino Moreno
36%
Racing Club DEF Marco Di Cesare
36%
Platense VOL Rodrigo Herrera
36%
Estudiantes de La Plata DEF Santiago Núñez
36%
Rosario Central DEF Agustín Sández
29%
Racing Club VOL Bruno Zuculini
29%
Lanús DEF Carlos Izquierdoz
29%
Lanús VOL Eduardo Salvio
29%
Estudiantes de La Plata VOL Ezequiel Piovi
29%
Rosario Central VOL Franco Ibarra
29%
Rosario Central DEF Juan Cruz Komar
29%
Racing Club DEL Luciano Vietto
29%
Vélez Sarsfield VOL Maher Carrizo
29%
Lanús ARQ Nahuel Losada
29%
Racing Club DEF Nazareno Colombo
29%
Estudiantes de La Plata DEF Santiago Arzamendia
29%
Talleres DEL Federico Girotti
21%
Platense VOL Guido Mainero
21%
Lanús DEF José Canale
21%
Independiente Rivadavia VOL Matías Fernández
21%
Platense DEF Oscar Salomón
21%
Lanús DEF Sasha Marcich
21%
Platense DEF Tomás SIlva
21%
Platense VOL Vicente Taborda
21%
Lanús VOL Agustín Cardozo
14%
Independiente Rivadavia DEF Alejo Osella
14%
Platense DEL Augusto Lotti
14%
Rosario Central DEF Emanuel Coronel
14%
Independiente Rivadavia ARQ Ezequiel Centurión
14%
Independiente Rivadavia VOL Franco Amarfil
14%
Rosario Central VOL Gaspar Duarte
14%
Platense DEF Ignacio Saborido
14%
Platense ARQ Juan Pablo Cozzani
14%
Talleres VOL Juan Portilla
14%
Talleres DEF Juan Portillo
14%
Platense VOL Leonel Picco
14%
Talleres DEL Matías Galarza Fonda
14%
Independiente Rivadavia VOL Mauricio Cardillo
14%
Lanús VOL Ramiro Carrera
14%
Talleres VOL Rubén Botta
14%
Independiente Rivadavia DEF Sheyko Studer
14%
Independiente Rivadavia VOL Tomás Bottari
14%
Vélez Sarsfield VOL Tomás Galván
14%
Vélez Sarsfield DEF Emanuel Mammana
7%
Vélez Sarsfield DEF Jano Gordon
7%
Talleres VOL Ulises Ortegoza
7%
Vélez Sarsfield VOL Claudio Baeza
0%
Talleres DEF Gastón Benavidez
0%
Vélez Sarsfield VOL Imanol Machuca
0%
Talleres DEF Miguel Navarro
0%
Racing Club DEF Santiago Quirós
0%
Talleres DEL Valentín Depietri
0%
No se encontraron pruebas coincidentes
Distribución de puntuación
Porcentaje de gente con cada puntuación
Porcentaje por número respondido
Historial de tus puntuaciones
No has intentado esta prueba.